[Event "Tradewise Gibraltar Chess Festival 2013"]
[Site "Gibraltar ENG"]
[Date "2013.01.29"]
[Round "8.74"]
[White "Dasaolu, Rotimi"]
[Black "Stockmann, Michael"]
[Result "1-0"]
[WhiteElo "2115"]
[BlackElo "2312"]
[PlyCount "45"]
[EventDate "2013.01.22"]
[EventType "swiss"]
[EventRounds "10"]
[EventCountry "ENG"]
[Source "lmi"]
[SourceDate "2013.01.22"]

1. d4 d5 2. Nf3 Nf6 3. c4 e6 4. Bg5 Nbd7 5. Nc3 Be7 6. e3 h6 7. Bh4 b6 8. cxd5
Nxd5 9. Nxd5 exd5 10. Bg3 O-O 11. Bd3 c5 12. O-O c4 13. Bc2 Bb7 14. Ne5 Nxe5
15. dxe5 Bc5 16. Qg4 d4 17. Bh4 Qd5 18. exd4 Qxd4 19. Qg3 g5 20. Bxg5 f5 21.
Bf6+ Kf7 22. Qg7+ Ke6 23. Qxb7 1-0

[Event "Tradewise Gibraltar Chess Festival 2013"]
[Site "Gibraltar ENG"]
[Date "2013.01.29"]
[Round "8.75"]
[White "Cawley, Paul F"]
[Black "Palencia, Wilson"]
[Result "0-1"]
[WhiteElo "2113"]
[BlackElo "2282"]
[PlyCount "124"]
[EventDate "2013.01.22"]
[EventType "swiss"]
[EventRounds "10"]
[EventCountry "ENG"]
[Source "lmi"]
[SourceDate "2013.01.22"]

1. d4 d5 2. Nf3 c6 3. c3 Bf5 4. Bf4 Qb6 5. Qb3 Qxb3 6. axb3 Bxb1 7. Rxb1 Nd7 8.
e3 Ngf6 9. h3 e6 10. Bd3 Be7 11. O-O O-O 12. Ra1 a6 13. b4 Rac8 14. b3 g6 15.
Nd2 Rfe8 16. f3 Nh5 17. Bh2 f5 18. f4 Nhf6 19. Bg3 h6 20. Bh4 g5 21. fxg5 Ne4
22. Nxe4 fxe4 23. Be2 Bxg5 24. Bxg5 hxg5 25. Rf2 Kg7 26. Raf1 Rf8 27. Bg4 Rxf2
28. Rxf2 Re8 29. g3 Nf6 30. Be2 e5 31. h4 exd4 32. hxg5 Nh7 33. cxd4 Nxg5 34.
Kg2 Ra8 35. Bg4 Nf7 36. Be2 Nd6 37. Rf1 a5 38. Ra1 Nf5 39. Kf2 Rf8 40. Rxa5
Nxd4+ 41. Ke1 Nc2+ 42. Kd2 Nxb4 43. Ra7 Rf7 44. Bh5 Rc7 45. Be2 c5 46. Ra4 Kf6
47. g4 Ke5 48. Ra8 Re7 49. Rf8 d4 50. Bc4 dxe3+ 51. Kxe3 Nc2+ 52. Kf2 Kd4 53.
Rf7 Re8 54. Rxb7 e3+ 55. Ke2 Kc3 56. g5 Nd4+ 57. Ke1 e2 58. Bxe2 Rxe2+ 59. Kf1
Re5 60. g6 Rf5+ 61. Ke1 Re5+ 62. Kf1 Rg5 0-1

[Event "Tradewise Gibraltar Chess Festival 2013"]
[Site "Gibraltar ENG"]
[Date "2013.01.29"]
[Round "8.76"]
[White "Kozarcanin, Sead"]
[Black "Hommerson, Paul"]
[Result "0-1"]
[WhiteElo "2090"]
[BlackElo "2237"]
[PlyCount "60"]
[EventDate "2013.01.22"]
[EventType "swiss"]
[EventRounds "10"]
[EventCountry "ENG"]
[Source "lmi"]
[SourceDate "2013.01.22"]

1. e4 e6 2. Qe2 c5 3. g3 Be7 4. Bg2 Nc6 5. Nf3 d5 6. d3 Nf6 7. c3 O-O 8. O-O c4
9. dxc4 Nxe4 10. cxd5 exd5 11. Be3 Bg4 12. h3 Bh5 13. Rd1 Qa5 14. g4 Bg6 15. b4
Qa4 16. b5 Na5 17. Rd4 Nc4 18. Rxd5 Nxe3 19. fxe3 Bf6 20. Nd4 Rfe8 21. Bf3 Rac8
22. Rd7 Bg5 23. Kg2 Nc5 24. Rd6 Rxe3 25. Qd1 Qxd1 26. Bxd1 Be4+ 27. Kf1 Rxh3
28. Nf5 Rh1+ 29. Kf2 Nd3+ 30. Ke2 Re1# 0-1

[Event "Tradewise Gibraltar Chess Festival 2013"]
[Site "Gibraltar ENG"]
[Date "2013.01.29"]
[Round "8.77"]
[White "Hamer, Martyn"]
[Black "Lyell, Mark"]
[Result "0-1"]
[WhiteElo "2025"]
[BlackElo "2235"]
[PlyCount "70"]
[EventDate "2013.01.22"]
[EventType "swiss"]
[EventRounds "10"]
[EventCountry "ENG"]
[Source "lmi"]
[SourceDate "2013.01.22"]

1. Nf3 d5 2. d4 Nf6 3. c4 dxc4 4. e3 Bg4 5. Bxc4 e6 6. Nc3 a6 7. h3 Bh5 8. O-O
c5 9. g4 Bg6 10. Ne5 Nbd7 11. Qf3 Qc7 12. Bb3 Nxe5 13. dxe5 Nd7 14. e4 h5 15.
Qg2 hxg4 16. hxg4 c4 17. Ba4 b5 18. Bc2 Qxe5 19. Be3 Bc5 20. Bxc5 Nxc5 21. Rad1
Nd3 22. Bxd3 cxd3 23. Rfe1 Rd8 24. Re3 Qf4 25. Rf3 Qg5 26. Rfxd3 Rxd3 27. Rxd3
Rh4 28. f3 b4 29. Nd1 Bxe4 30. Rd4 Qc5 31. Qf2 Bd5 32. a3 bxa3 33. bxa3 Rh3 34.
Rd3 Qc4 35. Qf1 Rxf3 0-1

[Event "Tradewise Gibraltar Chess Festival 2013"]
[Site "Gibraltar ENG"]
[Date "2013.01.29"]
[Round "8.78"]
[White "Mueller, Hans-Dieter"]
[Black "Ferrante, Marco"]
[Result "0-1"]
[WhiteElo "2087"]
[BlackElo "2227"]
[PlyCount "76"]
[EventDate "2013.01.22"]
[EventType "swiss"]
[EventRounds "10"]
[EventCountry "ENG"]
[Source "lmi"]
[SourceDate "2013.01.22"]

1. e4 d5 2. exd5 Qxd5 3. Nc3 Qa5 4. d4 Nf6 5. Bc4 Bg4 6. Nge2 Nc6 7. O-O O-O-O
8. Qe1 e5 9. dxe5 Nxe5 10. Bb3 Bb4 11. f3 Bf5 12. Qg3 h5 13. Qg5 Bg6 14. Bf4
Bd6 15. Rad1 Rde8 16. Kh1 h4 17. Bxe5 Rxe5 18. Qd2 Nh5 19. f4 Rf5 20. Nd5 Qc5
21. Rf3 a6 22. Rd3 Qf2 23. Ne7+ Kb8 24. Nxf5 Bxf5 25. Rf3 Qb6 26. Bd5 Bg4 27.
Rb3 Qf2 28. Bxb7 Bxe2 29. Bf3+ Kc8 30. Bxh5 Rxh5 31. Rf3 Bxf3 32. Qxf2 Bxd1 33.
Qe1 Bxc2 34. Qe2 Rc5 35. Qxa6+ Kb8 36. Qe2 Be4 37. Qe1 Rc2 38. Qd1 Bxg2+ 0-1

[Event "Tradewise Gibraltar Chess Festival 2013"]
[Site "Gibraltar ENG"]
[Date "2013.01.29"]
[Round "8.79"]
[White "Fairbairn, Stephen"]
[Black "Bird, Andrew"]
[Result "0-1"]
[WhiteElo "2021"]
[BlackElo "2223"]
[PlyCount "76"]
[EventDate "2013.01.22"]
[EventType "swiss"]
[EventRounds "10"]
[EventCountry "ENG"]
[Source "lmi"]
[SourceDate "2013.01.22"]

1. d4 Nf6 2. Nf3 e6 3. e3 d5 4. Bd3 c5 5. c3 Nbd7 6. Nbd2 b6 7. e4 cxd4 8. Nxd4
Nc5 9. Bb5+ Bd7 10. exd5 Bxb5 11. Nxb5 a6 12. Nd4 Nd3+ 13. Kf1 Qxd5 14. Qf3
Qxf3 15. N2xf3 Ng4 16. Ke2 Ndxf2 17. Rf1 Ne4 18. Bf4 Bc5 19. Rad1 O-O 20. Nb3
Rfd8 21. Nxc5 Nxc5 22. Rxd8+ Rxd8 23. Bc7 Rc8 24. Bxb6 Na4 25. Bd4 e5 26. Bg1
Nxb2 27. h3 Nf6 28. Rc1 Nd5 29. Kd2 Nc4+ 30. Ke2 Nf4+ 31. Kf1 Nd5 32. Bf2 f6
33. Ke2 Nf4+ 34. Kf1 Kf7 35. h4 Rb8 36. g3 Nd5 37. Bc5 Rb2 38. a3 Rb5 0-1

[Event "Tradewise Gibraltar Chess Festival 2013"]
[Site "Gibraltar ENG"]
[Date "2013.01.29"]
[Round "8.81"]
[White "Suez-Panama, Gilles"]
[Black "Urbina Perez, Juan Antonio"]
[Result "1-0"]
[WhiteElo "1989"]
[BlackElo "2214"]
[PlyCount "57"]
[EventDate "2013.01.22"]
[EventType "swiss"]
[EventRounds "10"]
[EventCountry "ENG"]
[Source "lmi"]
[SourceDate "2013.01.22"]

1. d4 Nf6 2. Nf3 e6 3. c4 b6 4. a3 Ba6 5. Qc2 Bb7 6. Nc3 c5 7. e4 cxd4 8. Nxd4
Bc5 9. Nb3 Nc6 10. Bg5 h6 11. Bh4 Nd4 12. Nxd4 Bxd4 13. f3 a6 14. O-O-O e5 15.
Kb1 O-O 16. Ne2 Bc5 17. Bxf6 Qxf6 18. Rxd7 Bc6 19. Rd1 Rfc8 20. Nc3 Bd4 21. Bd3
b5 22. cxb5 axb5 23. Qb3 b4 24. axb4 Bxc3 25. bxc3 Ba4 26. Qb2 Bxd1 27. Rxd1
Qc6 28. Bc2 Qxc3 29. Rd8+ 1-0

[Event "Tradewise Gibraltar Chess Festival 2013"]
[Site "Gibraltar ENG"]
[Date "2013.01.29"]
[Round "8.82"]
[White "Sanchez Castillo, Sarai"]
[Black "Iasman, Inna"]
[Result "1-0"]
[WhiteElo "2212"]
[BlackElo "2019"]
[PlyCount "65"]
[EventDate "2013.01.22"]
[EventType "swiss"]
[EventRounds "10"]
[EventCountry "ENG"]
[Source "lmi"]
[SourceDate "2013.01.22"]

1. e4 c6 2. d4 d5 3. Nc3 dxe4 4. Nxe4 Nd7 5. Nf3 Ngf6 6. Ng3 e6 7. Bd3 c5 8.
O-O Be7 9. c3 O-O 10. Qe2 cxd4 11. Nxd4 Nc5 12. Bc2 Bd7 13. Rd1 Qc7 14. Bg5 h6
15. Bxf6 Bxf6 16. Nh5 Be5 17. Nf3 Bf6 18. Nxf6+ gxf6 19. b4 Na6 20. Qd3 Rfd8
21. Qh7+ Kf8 22. Nh4 f5 23. Qxh6+ Ke7 24. Nxf5+ exf5 25. Rxd7+ Qxd7 26. Re1+
Qe6 27. Rxe6+ fxe6 28. Qg7+ Kd6 29. Qxb7 Nc7 30. c4 Ne8 31. f4 e5 32. c5+ Ke6
33. Bb3+ 1-0

[Event "Tradewise Gibraltar Chess Festival 2013"]
[Site "Gibraltar ENG"]
[Date "2013.01.29"]
[Round "8.83"]
[White "Weber, Francois"]
[Black "O`toole, George E"]
[Result "0-1"]
[WhiteElo "2150"]
[BlackElo "2204"]
[PlyCount "78"]
[EventDate "2013.01.22"]
[EventType "swiss"]
[EventRounds "10"]
[EventCountry "ENG"]
[Source "lmi"]
[SourceDate "2013.01.22"]

1. Nf3 Nf6 2. c4 e6 3. Nc3 d5 4. d4 Be7 5. Qc2 O-O 6. Bg5 h6 7. h4 b6 8. Bxf6
Bxf6 9. e4 Bb7 10. cxd5 exd5 11. e5 Be7 12. Bd3 c5 13. O-O-O Nc6 14. Bf5 cxd4
15. Nb5 Bc5 16. e6 Qf6 17. Ng5 Nb4 18. Bh7+ Kh8 19. Qf5 fxe6 20. Qxf6 gxf6 21.
Bb1 fxg5 22. hxg5 d3 23. Rxh6+ Kg7 24. Nc7 Be3+ 25. fxe3 Rac8 26. Rdh1 Rxc7+
27. Kd1 Rfc8 28. a3 Rc1+ 29. Kd2 Rxh1 30. Rxh1 Nc6 31. Bxd3 Rh8 32. Rf1 Ne5 33.
Rc1 Bc6 34. Bf1 Rh1 35. b3 Kf8 36. a4 Ke7 37. g6 Kf6 38. a5 bxa5 39. Kc3 Bb5
0-1

[Event "Tradewise Gibraltar Chess Festival 2013"]
[Site "Gibraltar ENG"]
[Date "2013.01.29"]
[Round "8.84"]
[White "Obiamiwe, Paul"]
[Black "Jaunooby, Ali R"]
[Result "1-0"]
[WhiteElo "1973"]
[BlackElo "2178"]
[PlyCount "127"]
[EventDate "2013.01.22"]
[EventType "swiss"]
[EventRounds "10"]
[EventCountry "ENG"]
[Source "lmi"]
[SourceDate "2013.01.22"]

1. Nf3 c5 2. c4 g6 3. Nc3 Bg7 4. d4 cxd4 5. Nxd4 Nc6 6. Nc2 f5 7. g3 Nf6 8. Bg2
O-O 9. O-O b6 10. Rb1 Bb7 11. b3 Na5 12. Bxb7 Nxb7 13. Nd5 Ne4 14. Bb2 e5 15.
f3 Nec5 16. Qd2 Rf7 17. Rbd1 a6 18. Ne1 b5 19. Rc1 bxc4 20. Rxc4 d6 21. Rc2 Ne6
22. Nd3 Nbc5 23. Nxc5 dxc5 24. e4 Nd4 25. Bxd4 exd4 26. Qd3 Qd6 27. Qc4 Raf8
28. exf5 Kh8 29. fxg6 Qxg6 30. Kg2 Rd8 31. Kh1 Bh6 32. Qxc5 Qd3 33. Qc4 Qf5 34.
Nf4 Bxf4 35. gxf4 Qxf4 36. Rg2 Rc7 37. Qd3 Rc1 38. Rxc1 Qxc1+ 39. Rg1 Qf4 40.
Qe4 Qf6 41. f4 d3 42. Qe5 Qxe5 43. fxe5 Rd5 44. Re1 Kg7 45. e6 d2 46. Rd1 Kf6
47. Kg2 Kxe6 48. Kf3 Kf5 49. Ke3 Re5+ 50. Kd3 Rd5+ 51. Kc3 Rc5+ 52. Kxd2 Kg4
53. Re1 Rd5+ 54. Kc3 h5 55. Re2 Kf3 56. Rb2 h4 57. b4 h3 58. a4 Ke4 59. b5 axb5
60. axb5 Rd8 61. Kc4 Rc8+ 62. Kb4 Kf3 63. b6 Rg8 64. b7 1-0

[Event "Tradewise Gibraltar Chess Festival 2013"]
[Site "Gibraltar ENG"]
[Date "2013.01.29"]
[Round "8.85"]
[White "Agbabishvili, Lali"]
[Black "Karlsson, Jorgen"]
[Result "1/2-1/2"]
[WhiteElo "1954"]
[BlackElo "2165"]
[PlyCount "117"]
[EventDate "2013.01.22"]
[EventType "swiss"]
[EventRounds "10"]
[EventCountry "ENG"]
[Source "lmi"]
[SourceDate "2013.01.22"]

1. d4 g6 2. c4 Bg7 3. Nc3 d6 4. e4 Nf6 5. Be2 O-O 6. Bg5 h6 7. Bh4 Nc6 8. d5
Nb8 9. f4 c5 10. Qd2 a6 11. Nf3 Qc7 12. O-O Nbd7 13. Rae1 Kh7 14. Bd3 b5 15.
cxb5 c4 16. Bb1 axb5 17. Nxb5 Qc5+ 18. Nbd4 Nb6 19. Kh1 Na4 20. Nc6 Ng8 21. b4
Qb6 22. Rc1 c3 23. Qf2 Qb7 24. Nfd4 e5 25. fxe5 dxe5 26. Ne2 f5 27. Nxc3 Nxc3
28. Rxc3 fxe4 29. Qe1 Rxf1+ 30. Qxf1 Bf5 31. h3 h5 32. Qe2 Qf7 33. Qd1 Nf6 34.
Bxf6 Qxf6 35. a4 Bh6 36. d6 Qe6 37. Ne7 Rd8 38. Nxf5 gxf5 39. Rc7+ Kg6 40. d7
Bf8 41. b5 Bd6 42. Ba2 Qe7 43. Rc8 Qxd7 44. Be6 Qe7 45. b6 Rxc8 46. Bxc8 Bc5
47. b7 Qd6 48. Qb1 Ba7 49. g4 fxg4 50. hxg4 Kg5 51. gxh5 Qd3 52. b8=Q Qf3+ 53.
Kh2 Qxh5+ 54. Kg2 Qf3+ 55. Kh2 Qf4+ 56. Kg2 Qf3+ 57. Kh2 Qf2+ 58. Kh1 Qf3+ 59.
Kh2 1/2-1/2

[Event "Tradewise Gibraltar Chess Festival 2013"]
[Site "Gibraltar ENG"]
[Date "2013.01.29"]
[Round "8.86"]
[White "Nwachukwu, Chino"]
[Black "Lee, Kai Jie Edward"]
[Result "1/2-1/2"]
[WhiteElo "1962"]
[BlackElo "2164"]
[PlyCount "97"]
[EventDate "2013.01.22"]
[EventType "swiss"]
[EventRounds "10"]
[EventCountry "ENG"]
[Source "lmi"]
[SourceDate "2013.01.22"]

1. e4 c5 2. Nf3 e6 3. Nc3 Nc6 4. Bc4 a6 5. a3 Nge7 6. Qe2 Qc7 7. O-O b5 8. Ba2
Nd4 9. Qd1 Nec6 10. Nxd4 Nxd4 11. Ne2 Bb7 12. d3 Nxe2+ 13. Qxe2 g6 14. Bg5 Qe5
15. Bc1 Bg7 16. c3 O-O 17. f4 Qc7 18. f5 exf5 19. exf5 Rae8 20. Qg4 Qc6 21. Bg5
h5 22. Qh3 Re2 23. Rf2 Rxf2 24. Kxf2 gxf5 25. Re1 Qg6 26. Be7 Re8 27. Bxc5 Rxe1
28. Kxe1 Bxg2 29. Qe3 d5 30. Kf2 h4 31. Qf4 h3 32. Bd6 Qh5 33. Bb3 Kh7 34. Bd1
Qg6 35. Qh4+ Kg8 36. Qd8+ Kh7 37. Qh4+ Qh6 38. Qxh6+ Bxh6 39. a4 Bc1 40. axb5
axb5 41. b4 f4 42. Bc5 Kg6 43. Bg4 f5 44. Be2 Bb2 45. Bd4 Kg5 46. Bd1 Bc1 47.
Be2 Bd2 48. Bd1 Bc1 49. Be2 1/2-1/2

[Event "Tradewise Gibraltar Chess Festival 2013"]
[Site "Gibraltar ENG"]
[Date "2013.01.29"]
[Round "8.87"]
[White "Tranter, Stephen"]
[Black "Osuna Vega, Enrique"]
[Result "0-1"]
[WhiteElo "1938"]
[BlackElo "2157"]
[PlyCount "80"]
[EventDate "2013.01.22"]
[EventType "swiss"]
[EventRounds "10"]
[EventCountry "ENG"]
[Source "lmi"]
[SourceDate "2013.01.22"]

1. e4 e6 2. d3 d5 3. Qf3 Nc6 4. c3 d4 5. c4 Bb4+ 6. Nd2 a5 7. Qg3 g6 8. a3 Bf8
9. f4 Bg7 10. Ngf3 Nf6 11. Nb1 a4 12. Be2 Nd7 13. O-O Nc5 14. Ne5 Nb3 15. Ra2
Nxc1 16. Rxc1 Nxe5 17. fxe5 O-O 18. Nd2 Qe7 19. Rf1 Ra5 20. Nf3 Qc5 21. Bd1 Bd7
22. Qh4 b5 23. Nd2 Qxe5 24. b4 axb3 25. Nxb3 Raa8 26. c5 b4 27. Qe7 Bc6 28. a4
f6 29. Nd2 Rfe8 30. Nc4 Rxe7 31. Nxe5 fxe5 32. Bb3 Ra5 33. Rc1 Re8 34. Rc4 Rb8
35. Rc1 Kf7 36. Rf2+ Ke7 37. Rcf1 Rf8 38. Rxf8 Bxf8 39. Bxe6 Kxe6 40. Rxf8 Ra8
0-1

[Event "Tradewise Gibraltar Chess Festival 2013"]
[Site "Gibraltar ENG"]
[Date "2013.01.29"]
[Round "8.88"]
[White "Dimitrijevic, Dragan"]
[Black "Burrows, Martin P"]
[Result "0-1"]
[WhiteElo "1896"]
[BlackElo "2153"]
[PlyCount "76"]
[EventDate "2013.01.22"]
[EventType "swiss"]
[EventRounds "10"]
[EventCountry "ENG"]
[Source "lmi"]
[SourceDate "2013.01.22"]

1. Nf3 Nf6 2. c4 e6 3. g3 d5 4. Bg2 dxc4 5. Qa4+ Nbd7 6. O-O a6 7. Qxc4 b5 8.
Qc6 Rb8 9. d4 Bb7 10. Qc2 c5 11. dxc5 Bxc5 12. Bf4 Rc8 13. Qd1 O-O 14. Nbd2 Nd5
15. Nb3 Nxf4 16. gxf4 Bb6 17. Qd3 Nf6 18. Ne5 Bxg2 19. Kxg2 Nd5 20. Qg3 Rc2 21.
Qf3 Rxe2 22. Kh1 Rxb2 23. f5 Qd6 24. Nd3 Rc2 25. Rg1 exf5 26. Qxf5 Ne3 27. Qe4
Qd5 28. Qxd5 Nxd5 29. Rg5 Rd8 30. Re1 h6 31. Rxd5 Rxd5 32. Nb4 Rdd2 33. Nxd2
Rxd2 34. Nxa6 Rxa2 35. Re8+ Kh7 36. Nb4 Rxf2 37. Re5 Rxh2+ 38. Kxh2 Bc7 0-1

[Event "Tradewise Gibraltar Chess Festival 2013"]
[Site "Gibraltar ENG"]
[Date "2013.01.29"]
[Round "8.89"]
[White "Rujan, Rodel-Marinel"]
[Black "Hackner, Oskar A"]
[Result "1/2-1/2"]
[WhiteElo "1759"]
[BlackElo "2015"]
[PlyCount "104"]
[EventDate "2013.01.22"]
[EventType "swiss"]
[EventRounds "10"]
[EventCountry "ENG"]
[Source "lmi"]
[SourceDate "2013.01.22"]

1. c4 c5 2. g3 Nf6 3. Bg2 d5 4. cxd5 Nxd5 5. Nc3 Nc7 6. Nf3 Nc6 7. O-O g6 8.
Na4 b6 9. d3 Bg7 10. Bf4 Rb8 11. Rc1 e5 12. Bg5 Qd7 13. a3 Ne6 14. Bd2 a5 15.
Nc3 O-O 16. Ne1 Ba6 17. Qa4 b5 18. Qh4 Ncd4 19. e3 Nf5 20. Qg4 b4 21. Ne4 Rbc8
22. Rd1 Nh6 23. Qh4 f5 24. Ng5 Bf6 25. f4 Bxg5 26. fxg5 Nf7 27. e4 Bxd3 28. Be3
fxe4 29. Bxe4 c4 30. Nxd3 cxd3 31. axb4 Nfxg5 32. Rxd3 Rxf1+ 33. Kxf1 Qf7+ 34.
Kg2 Nxe4 35. Qxe4 axb4 36. Rd2 b3 37. Qxe5 Qb7+ 38. Kh3 Ng7 39. Bh6 Re8 40.
Qxg7+ Qxg7 41. Bxg7 Kxg7 42. Rd7+ Kf6 43. Rd3 Rb8 44. Re3 h5 45. Kg2 g5 46. h3
Kf5 47. Kf3 g4+ 48. hxg4+ hxg4+ 49. Ke2 Rb4 50. Kf2 Rb6 51. Kf1 Rb7 52. Kf2 Rb6
1/2-1/2

[Event "Tradewise Gibraltar Chess Festival 2013"]
[Site "Gibraltar ENG"]
[Date "2013.01.29"]
[Round "8.92"]
[White "Mckenna, Jason P"]
[Black "Reppen, Ellisiv"]
[Result "1-0"]
[WhiteElo "2110"]
[BlackElo "2005"]
[PlyCount "107"]
[EventDate "2013.01.22"]
[EventType "swiss"]
[EventRounds "10"]
[EventCountry "ENG"]
[Source "lmi"]
[SourceDate "2013.01.22"]

1. e4 e5 2. Nf3 Nc6 3. Bb5 a6 4. Ba4 Nf6 5. O-O Be7 6. Re1 b5 7. Bb3 d6 8. c3
O-O 9. h3 h6 10. d4 Re8 11. Nbd2 Bf8 12. a4 Bd7 13. axb5 axb5 14. Rxa8 Qxa8 15.
Qe2 Na5 16. Bc2 c5 17. d5 Rb8 18. b4 Nb7 19. Nf1 Rc8 20. Bb2 Qb8 21. Ra1 Qc7
22. Bd3 Nh5 23. Bc1 c4 24. Bb1 Nf4 25. Bxf4 exf4 26. Qd2 g5 27. h4 Qd8 28. hxg5
hxg5 29. Ra7 Rb8 30. Nd4 Qb6 31. Qa2 Bg7 32. Ra6 Qc7 33. Nf3 g4 34. Nd4 Re8 35.
Qd2 Be5 36. g3 fxg3 37. Qg5+ Bg7 38. Nxg3 Qd8 39. Qxd8 Rxd8 40. Rb6 Bxd4 41.
cxd4 Rb8 42. e5 dxe5 43. dxe5 Kf8 44. Be4 Bc8 45. Rxb5 Ra8 46. d6 Ra1+ 47. Kg2
c3 48. Bxb7 c2 49. Ne2 Re1 50. Bxc8 Rxe2 51. Rc5 Rxe5 52. Rxc2 f6 53. Bxg4 f5
54. Rc8+ 1-0

[Event "Tradewise Gibraltar Chess Festival 2013"]
[Site "Gibraltar ENG"]
[Date "2013.01.29"]
[Round "8.93"]
[White "Freuler, Roman"]
[Black "Onabogun, Kolade"]
[Result "1/2-1/2"]
[WhiteElo "2098"]
[BlackElo "1978"]
[PlyCount "98"]
[EventDate "2013.01.22"]
[EventType "swiss"]
[EventRounds "10"]
[EventCountry "ENG"]
[Source "lmi"]
[SourceDate "2013.01.22"]

1. e4 c5 2. Nf3 Nc6 3. d4 cxd4 4. Nxd4 Nf6 5. Nc3 e5 6. Ndb5 d6 7. a4 a6 8. Na3
Be6 9. Bg5 Be7 10. Bxf6 Bxf6 11. Bc4 Rc8 12. Nd5 Bg5 13. c3 O-O 14. Qe2 Ne7 15.
Nxe7+ Qxe7 16. O-O Qc7 17. Ba2 Rfd8 18. Rfd1 Bh6 19. Bd5 Rd7 20. Qd3 Qd8 21.
Nc4 Bxd5 22. Qxd5 Rc5 23. Qd3 Qc7 24. b3 Bg5 25. a5 Rd8 26. Qf3 g6 27. Rd3 Rb5
28. Qd1 d5 29. Rxd5 Rbxd5 30. exd5 Be7 31. Qd3 f5 32. Rd1 Bf6 33. d6 Qc5 34.
Nb6 e4 35. Qd5+ Qxd5 36. Nxd5 Rxd6 37. c4 Kf7 38. Kf1 Be5 39. g3 g5 40. Ke2 Rh6
41. Ne3 Ke6 42. Rd8 Bc7 43. Re8+ Kf7 44. Re7+ Kxe7 45. Nxf5+ Ke6 46. Nxh6 Bxa5
47. Ke3 Bb6+ 48. Kxe4 Bxf2 49. Nf5 Bc5 1/2-1/2

[Event "Tradewise Gibraltar Chess Festival 2013"]
[Site "Gibraltar ENG"]
[Date "2013.01.29"]
[Round "8.94"]
[White "Kandic, Milan"]
[Black "Sielicki, Tomasz"]
[Result "1/2-1/2"]
[WhiteElo "2090"]
[BlackElo "1969"]
[PlyCount "60"]
[EventDate "2013.01.22"]
[EventType "swiss"]
[EventRounds "10"]
[EventCountry "ENG"]
[Source "lmi"]
[SourceDate "2013.01.22"]

1. e4 e5 2. Nf3 Nc6 3. Bc4 Bc5 4. b4 Bxb4 5. c3 Be7 6. d4 Na5 7. Nxe5 Nxc4 8.
Nxc4 d5 9. exd5 Qxd5 10. Ne3 Qa5 11. O-O Nf6 12. Re1 O-O 13. Nc4 Qd5 14. Rxe7
Qxc4 15. Qe2 Qxe2 16. Rxe2 Be6 17. Ba3 Rfe8 18. Nd2 c6 19. f3 Bd5 20. Re7 b5
21. Kf2 Rxe7 22. Bxe7 Nd7 23. a4 a5 24. Bd6 bxa4 25. Rxa4 Nb6 26. Ra1 Nc4 27.
Nxc4 Bxc4 28. Ra4 Bb3 29. Ra1 a4 30. Ke3 Bc4 1/2-1/2

[Event "Tradewise Gibraltar Chess Festival 2013"]
[Site "Gibraltar ENG"]
[Date "2013.01.29"]
[Round "8.96"]
[White "Pribyl, Jaroslav"]
[Black "Thornton, John D"]
[Result "0-1"]
[WhiteElo "1932"]
[BlackElo "2053"]
[PlyCount "56"]
[EventDate "2013.01.22"]
[EventType "swiss"]
[EventRounds "10"]
[EventCountry "ENG"]
[Source "lmi"]
[SourceDate "2013.01.22"]

1. d4 Nf6 2. Nf3 e6 3. c4 c5 4. Nc3 d5 5. cxd5 exd5 6. dxc5 Bxc5 7. e3 O-O 8.
Be2 Nc6 9. O-O Re8 10. Nb5 Bg4 11. Nbd4 Qd6 12. a3 Ne4 13. Nb5 Qd7 14. b4 Bb6
15. Qb3 Ng5 16. Nbd4 Nh3+ 17. Kh1 Nxd4 18. Nxd4 Bxd4 19. Bxg4 Nxf2+ 20. Rxf2
Qxg4 21. Bb2 Bxb2 22. Qxb2 Rxe3 23. Raf1 Qe6 24. h3 f6 25. Qa1 Re8 26. Qa2 d4
27. Qd2 d3 28. Rf5 Qe4 0-1

[Event "Tradewise Gibraltar Chess Festival 2013"]
[Site "Gibraltar ENG"]
[Date "2013.01.29"]
[Round "8.97"]
[White "Skutta, Bernd"]
[Black "Othman, Mustapha"]
[Result "1-0"]
[WhiteElo "2048"]
[BlackElo "1878"]
[PlyCount "101"]
[EventDate "2013.01.22"]
[EventType "swiss"]
[EventRounds "10"]
[EventCountry "ENG"]
[Source "lmi"]
[SourceDate "2013.01.22"]

1. d4 Nf6 2. Nf3 e6 3. c4 d5 4. g3 c6 5. Bg2 Bd6 6. Nbd2 Nbd7 7. O-O O-O 8. Qc2
e5 9. e4 Re8 10. exd5 cxd5 11. cxd5 Nxd5 12. Nc4 Qc7 13. Qb3 e4 14. Ng5 N7f6
15. Nxd6 Qxd6 16. Re1 Bd7 17. Bd2 Bc6 18. Nxe4 Nxe4 19. Bxe4 Rxe4 20. Rxe4 Nf6
21. Bb4 Qd8 22. Be7 Qd7 23. Re5 Qh3 24. f3 Ng4 25. Re2 Re8 26. Qa3 Nxh2 27.
Rxh2 Qxg3+ 28. Rg2 Qf4 29. Rg4 Qf5 30. Rf1 h5 31. Rg5 Qf4 32. Rg2 Qxd4+ 33. Kh1
f6 34. Qc5 Qd3 35. Rgf2 Qd7 36. Bd6 Qh3+ 37. Bh2 Kh8 38. Qd6 Re5 39. Qd3 Rg5
40. Qd8+ Kh7 41. Qd3+ Kh8 42. Rg1 Rg4 43. Qf1 Qh4 44. Rgg2 Rg5 45. Kg1 Bb5 46.
Qc1 Rd5 47. Rd2 Rg5 48. Rd8+ Kh7 49. Rxg5 fxg5 50. Qc2+ g6 51. Qc7+ 1-0

[Event "Tradewise Gibraltar Chess Festival 2013"]
[Site "Gibraltar ENG"]
[Date "2013.01.29"]
[Round "8.98"]
[White "Lochte, Szilvia"]
[Black "Van Kemenade, Rudy"]
[Result "0-1"]
[WhiteElo "1923"]
[BlackElo "2043"]
[PlyCount "96"]
[EventDate "2013.01.22"]
[EventType "swiss"]
[EventRounds "10"]
[EventCountry "ENG"]
[Source "lmi"]
[SourceDate "2013.01.22"]

1. d4 g6 2. e4 Bg7 3. Nc3 d6 4. Be2 a6 5. Be3 b5 6. a3 Bb7 7. g4 Nd7 8. Nf3
Ngf6 9. Nd2 h5 10. g5 Nh7 11. Nf3 c5 12. d5 Qc7 13. Rb1 O-O 14. Nh4 Rac8 15.
O-O b4 16. Na2 a5 17. f4 Rfd8 18. Bxh5 gxh5 19. Nf5 Ndf8 20. Nxg7 Kxg7 21. f5
e6 22. Qxh5 exf5 23. exf5 Bxd5 24. f6+ Kh8 25. Qh6 Ne6 26. Rf4 Rg8 27. Rh4
Nexg5 28. Bxg5 Rxg5+ 29. Kf2 Be4 30. Rxe4 Rg6 31. Qh3 Rxf6+ 32. Ke2 Rg8 33. Re1
Qc8 34. Qd3 Qf5 35. Kd1 d5 36. Re7 Qxd3+ 37. cxd3 Rg2 38. R1e2 Rff2 39. axb4
axb4 40. h4 Nf8 41. d4 b3 42. Nc3 cxd4 43. Nxd5 Ne6 44. Rxf2 Rxf2 45. Kc1 Rc2+
46. Kb1 d3 47. Nb4 d2 48. Nxc2 d1=Q# 0-1

[Event "Tradewise Gibraltar Chess Festival 2013"]
[Site "Gibraltar ENG"]
[Date "2013.01.29"]
[Round "8.99"]
[White "Stewart, Ashley"]
[Black "Openshaw, David K"]
[Result "1-0"]
[WhiteElo "2040"]
[BlackElo "1923"]
[PlyCount "75"]
[EventDate "2013.01.22"]
[EventType "swiss"]
[EventRounds "10"]
[EventCountry "ENG"]
[Source "lmi"]
[SourceDate "2013.01.22"]

1. d4 d5 2. c4 c6 3. Nf3 Nf6 4. e3 Bf5 5. Nc3 e6 6. Nh4 Bg6 7. Be2 Nbd7 8. O-O
Ne4 9. g3 Ndf6 10. f3 Nd6 11. cxd5 exd5 12. Bd2 Be7 13. Rc1 Qd7 14. Na4 Nf5 15.
Ng2 h6 16. Nc5 Qc7 17. Qb3 Nd6 18. Nf4 Bh7 19. Rfe1 O-O 20. Bf1 Qb6 21. Nfd3
Nc4 22. Bc3 Rfe8 23. e4 Bxc5 24. Nxc5 Qc7 25. Bxc4 dxc4 26. Qxb7 Qxb7 27. Nxb7
Nd7 28. Nd6 Red8 29. Nxc4 Kf8 30. Kf2 Rab8 31. a3 f5 32. Bb4+ Kf7 33. Na5 Re8
34. Nxc6 Rb7 35. exf5 Bxf5 36. Rxe8 Kxe8 37. Re1+ Kf7 38. Nd8+ 1-0